| 000 | 00808nam a2200253 i 4500 | ||
|---|---|---|---|
| 001 | bg | ||
| 100 | 1 | _aPedroni, Volnei A. | |
| 245 | 1 | 0 |
_aDigital electronics and design with VHDL / _cVolnei A. Pedroni. |
| 260 |
_aAmsterdam [etc]. : _bElsevier Morgan Kaufmann, _ccop. 2008. |
||
| 300 |
_aXXI, 693 s. : _bil. ; _c25 cm. |
||
| 504 | _aBibliogr. s. 673-677. Indeks. | ||
| 650 | 9 | _aUkłady cyfrowe | |
| 650 | 9 | _aVHDL | |
| 655 | _aPodręczniki akademickie | ||
| 020 | _a9780123742704 | ||
| 040 | _cBPK | ||
| 041 | _apol | ||
| 044 | _aUSA | ||
| 080 | _a621.3.049.77:004.436](075.8) | ||
| 920 | _a978-0-12-374270-4 | ||
| 942 | _cKS | ||
| 008 | 090623s2008 uska f |000 0 eng | ||
| 999 |
_c56621 _d56621 |
||
| 856 |
_uhttp://koha.tu.koszalin.pl/cgi-bin/koha/opac-detail.pl?biblionumber=56621 _yKatalog online BPK |
||